书目信息 |
| 题名: |
人民的粥
|
|
| 作者: | 刘京林 , 罗妍 著 | |
| 分册: | ||
| 出版信息: | 呼和浩特 内蒙古大学出版社 2004.09 |
|
| 页数: | 257页 | |
| 开本: | 23cm | |
| 丛书名: | ||
| 单 册: | ||
| 中图分类: | G210-53 | |
| 科图分类: | ||
| 主题词: | 新闻心理学--文集 , 传播--心理学--文集 , 医药学 | |
| 电子资源: | ||
| ISBN: | 7-81085-364-3 | |
| 000 | 01344nam0 2200409 450 | |
| 000 | 01309nam0 2200397 450 | |
| 000 | 01272nam0 2200385 450 | |
| 000 | 01293nam0 2200397 450 | |
| 000 | 01256nam0 2200385 450 | |
| 000 | 01208nam0 2200385 450 | |
| 000 | 01154nam0 2200361 450 | |
| 000 | 01116nam0 2200349 450 | |
| 000 | 01049oam2 2200325 450 | |
| 001 | 0104000022 | |
| 005 | 20061028095019.14 | |
| 010 | @a7-81085-364-3@dCNY15.60 | |
| 100 | @a20051012d2004 em y0chiy0110 ea | |
| 101 | 0 | @achi |
| 102 | @aCN@b150000 | |
| 105 | @aa z 000yy | |
| 200 | 1 | @a人民的粥@Aren min de zhou@e新健康主义者的饮食处方@f(台)罗妍编著@F(tai)luo yan bian zhu |
| 210 | @a呼和浩特@c内蒙古大学出版社@d2004.09 | |
| 215 | @a257页@c照片@d23cm | |
| 461 | 0 | @12001 @a新闻传播学院博导自选文丛 |
| 517 | 1 | @a新闻心理·传播心理研究@9xin wen xin li· chuan bo xin li yan jiu |
| 517 | 1 | @a新健康主义者的饮食处方@Axin jian kang zhu yi zhe de yin shi chu fang |
| 600 | 0 | @a刘京林@j文集 |
| 606 | 0 | @a新闻心理学@j文集 |
| 606 | 0 | @a传播@x心理学@j文集 |
| 606 | 0 | @a医药学 |
| 690 | @aG210-53@v4 | |
| 701 | 0 | @a刘京林@9liu jing lin@4著 |
| 701 | 0 | @a罗妍@Aluo yan@4编著 |
| 801 | 0 | @aCN@b北京荣雅伟业图书经销中心@c20061028 |
| 905 | @aBZT@dG210-53@e1 | |
| 906 | @dCNY38.00@n0@r1 | |
| 人民的粥:新健康主义者的饮食处方/(台)罗妍编著.-呼和浩特:内蒙古大学出版社,2004.09 |
| 257页:照片;23cm |
| ISBN 7-81085-364-3:CNY15.60 |
| ● |
| 相关链接 |
|
|
|
正题名:人民的粥
索取号:G210-53/1
 
预约/预借
| 序号 | 登录号 | 条形码 | 馆藏地/架位号 | 状态 | 备注 |
| 1 | 514077 | 230089742 | 中心书库北库/ 北库033架A面3列3层49/ [索取号:G210-53/1] | 在馆 | |
| 2 | 514078 | 230089743 | 中心书库北库/ 北库033架A面3列3层46/ [索取号:G210-53/1] | 在馆 | |
| 3 | 514079 | 230089744 | 中心书库北库/ 北库033架A面3列3层47/ [索取号:G210-53/1] | 在馆 | |
| 4 | 514080 | 230089745 | 中心书库北库/ 北库033架A面3列3层48/ [索取号:G210-53/1] | 在馆 |